Las paradojas de la acción: una introducción a la teoría de la acción humana desde el punto de vista del Derecho y de la Filosofía

Gorde:
Xehetasun bibliografikoak
Egile nagusia: González Lagier, Daniel (Egilea)
Formatua: Liburua
Hizkuntza:gaztelania
Argitaratua: Madrid Marcial Pons 2013
Edizioa:2a. ed
Saila:Colección Filosofía y Derecho
Gaiak:
Etiketak: Etiketa erantsi
Etiketarik gabe, Izan zaitez lehena erregistro honi etiketa jartzen!

MARC

LEADER 00000cam a2200000 a 4500
001 UCF9150
003 CL-VaPUC
008 131025e20130000sp |||||||||||||||||spa|d
020 |a 9788415664208 
082 0 4 |a 340.1  |b GON  |2 21 
100 |a González Lagier, Daniel  |e author  |9 580397 
245 1 4 |a Las paradojas de la acción: una introducción a la teoría de la acción humana desde el punto de vista del Derecho y de la Filosofía 
250 |a 2a. ed 
300 |a 180 p 
942 |c BK 
945 |d 20131025 12:28:00  |a dcastane 
260 |a Madrid  |b Marcial Pons  |c 2013 
650 0 |a Filosofía del derecho   |9 255050 
650 0 |a Acción penal  |9 254970 
650 7 |a CAUSALIDAD  |2 CL-VaPUC  |9 225420 
650 7 |a DERECHO PENAL  |2 CL-VaPUC  |9 11 
650 0 |a Normas jurídicas  |9 258310 
650 0 |a Lógica deóntica  |9 256021 
583 |a last modification  |c 20131025 12:28:00  |k Rodrigo Vera 
490 0 |a Colección Filosofía y Derecho 
999 |c 353634  |d 353632 
952 |0 0  |1 0  |3 erb  |4 0  |6 340_100000000000000_GON_2013  |7 0  |8 A  |9 458976  |a BIBDER  |b BIBDER  |d 2019-11-23  |i 5022460  |l 7  |m 4  |o 340.1 GON 2013  |p 5022460  |r 2025-04-21  |s 2025-04-01  |w 2019-11-23  |y BK  |z Catalogado en:20131025  |k DER